The undeveloped mineral resources of Pennsylvania / (Record no. 27414)

MARC details
000 -LEADER
fixed length control field 00894cam a22002411 4500
001 - CONTROL NUMBER
control field gs 38000043
003 - CONTROL NUMBER IDENTIFIER
control field DLC
005 - DATE AND TIME OF LATEST TRANSACTION
control field 20260227111342.0
008 - FIXED-LENGTH DATA ELEMENTS--GENERAL INFORMATION
fixed length control field 750613s1933 paua 000 0 eng
010 ## - LIBRARY OF CONGRESS CONTROL NUMBER
LC control number gs 38000043
035 ## - SYSTEM CONTROL NUMBER
System control number (OCoLC)1391746
040 ## - CATALOGING SOURCE
Original cataloging agency DLC
Transcribing agency OT
Modifying agency OCoLC
-- DLC
042 ## - AUTHENTICATION CODE
Authentication code premarc
050 00 - LIBRARY OF CONGRESS CALL NUMBER
Classification number TN24.P4
Item number A7
100 1# - MAIN ENTRY--PERSONAL NAME
Personal name Ashley, Geo. H.
Fuller form of name (George Hall),
Dates associated with a name 1866-
245 14 - TITLE STATEMENT
Title The undeveloped mineral resources of Pennsylvania /
Statement of responsibility, etc. introduction by George H. Ashley.
260 ## - PUBLICATION, DISTRIBUTION, ETC.
Place of publication, distribution, etc. Harrisburg, Pa. :
Name of publisher, distributor, etc. Department of internal affairs, Topographic and geologic survey,
Date of publication, distribution, etc. 1933.
300 ## - PHYSICAL DESCRIPTION
Extent 16 p. :
Other physical details incl. tables ;
Dimensions 23 cm.
490 1# - SERIES STATEMENT
Series statement Pennsylvania. Geological survey, 4th (1919- ) Bulletin M18-A
500 ## - GENERAL NOTE
General note At head of title: Pennysylvania Geological survey, Fourth series.
650 #0 - SUBJECT ADDED ENTRY--TOPICAL TERM
Topical term or geographic name entry element Mines and mineral resources
Geographic subdivision Pennsylvania.
830 #0 - SERIES ADDED ENTRY--UNIFORM TITLE
Uniform title Bulletin M ;
Volume/sequential designation 18-A.

No items available.

Powered by Koha